[Event "La Cruz op 1st"]
[Site "La Cruz"]
[Date "2024.11.01"]
[Round "5"]
[White "Henriquez Acuna, Julio"]
[Black "Palape Palacios, Gustavo"]
[Result "1-0"]
[WhiteElo "1947"]
[BlackElo "1814"]
[PlyCount "61"]
[EventDate "2024.10.29"]
[EventType "swiss"]
[EventRounds "9"]
[EventCountry "CHI"]
[SourceTitle "CB45_2024"]
[Source "ChessBase"]
[SourceDate "2024.11.06"]
[SourceVersion "1"]
[SourceVersionDate "2024.11.06"]
[SourceQuality "1"]

1. e4 e6 2. d4 d5 3. Nd2 Nf6 4. e5 Ng8 5. Bd3 Ne7 6. Ne2 Nbc6 7. c3 b6 8. 0-0 h6 9. f4 g6 10. a4 a6 11. b4 Nf5 12. Nf3 Nce7 13. g4 Ng7 14. Ng3 c5 15. bxc5 bxc5 16. Ba3 c4 17. Bc2 Nc6 18. Bxf8 Rxf8 19. Qd2 f5 20. exf6 Qxf6 21. Ne5 Ne7 22. Rab1 g5 23. fxg5 Qxg5 24. Rxf8+ Kxf8 25. Rf1+ Ke8 26. Qxg5 hxg5 27. Rf7 Ngf5 28. gxf5 exf5 29. Nxf5 Nxf5 30. Bxf5 Bxf5 31. Rxf5 1-0